Logo BPK

Biblioteka

Politechniki Koszalińskiej

Obliczanie funkcji elementarnych / (Rekord nr 10872)

Szczegóły MARC
000 -ETYKIETA REKORDU
podpole kontrolne o stałej długości 01132nam a2200301 i 4500
001 - NUMER KONTROLNY REKORDU
pole kontrolne bg
003 - IDENTYFIKATOR NUMERU KONTROLNEGO REKORDU
podpole kontrolne KOSZ 005
005 - DATA OSTATNIEJ MODYFIKACJI REKORDU
podpole kontrolne 20200630132821.0
008 - POLE O STAŁEJ DŁUGOŚCI - DANE KONTROLNE
podpole kontrolne o stałej długości 071104s1966 pl a f 000 0 pol
015 ## - NUMER BIBLIOGRAFII NARODOWEJ
Numer bibliografii narodowej PB 1966/6954
040 ## - ŹRÓDŁO KATALOGOWANIA
Instytucja, która sporządziła opis WA N
Instytucja, która utworzyła rekord KOSZ 005/RW
Instytucja, która dokonała modyfikacji KOSZ 005/RW
041 1# - KOD JĘZYKA
Kod języka tekstu pol
Kod języka oryginału rus
080 ## - UNIWERSALNA KLASYFIKACJA DZIESIĘTNA - UKD
UKD 517
100 1# - NAZWA OSOBOWA
Nazwa osobowa Lûsternik, Lazar' Aronovič
Daty związane z nazwą (1899-1981).
245 10 - TYTUŁ/ODPOWIEDZIALNOŚĆ
Tytuł Obliczanie funkcji elementarnych /
Pozostałe elementy strefy tytułu i oznaczenia odpowiedzialności L. A. Lusternik, O. A. Czerwonienkis, A. R. Janpolski ; tł. B. Ławruk.
246 1# - WARIANT TYTUŁU
Treść wyrażenia wprowadzającego Tyt. oryg.:
Tytuł Matematičeskij analiz :
Ciąg dalszy tytułu vyčislene èlementarnyh funkcij.
250 ## - STREFA WYDANIA
Oznaczenie wydania Wyd. 2.
260 ## - STREFA ADRESU WYDAWNICZEGO
Miejsce wydania Warszawa :
Nazwa wydawcy/dystrybutora Państwowe Wydawnictwo Naukowe,
Data publikacji, dystrybucji/powstania dokumentu 1966.
300 ## - STREFA OPISU FIZYCZNEGO
Objętość 225, [2] s. :
Inne cechy fizyczne il. ;
Rozmiary 23 cm.
380 ## - FORMA I TYP PUBLIKACJI
Forma i typ publikacji Książki.
504 ## - UWAGA DOTYCZĄCA BIBLIOGRAFII
Informacje o bibliografii Bibliogr. s. [219]-225.
700 1# - HASŁO DODATKOWE - NAZWA OSOBOWA
Nazwa osobowa Červonenkis, O. A.
700 1# - HASŁO DODATKOWE - NAZWA OSOBOWA
Nazwa osobowa Ânpol'skij, Avraam Ruvimovič
Daty związane z nazwą (1905-1978)
700 1# - HASŁO DODATKOWE - NAZWA OSOBOWA
Nazwa osobowa Ławruk, Bohdan.
Określenie związku między hasłem a opisywanym materiałem Tłumaczenie
710 2# - HASŁO DODATKOWE - NAZWA CIAŁA ZBIOROWEGO
Nazwa ciała zbiorowego lub jednostki geograficznej Państwowe Wydawnictwo Naukowe
Kod określenia powiązania pbl.
856 ## - LOKALIZACJA I DOSTĘP DO ELEKTRONICZNYCH DOKUMENTÓW ZDALNYCH
Link (URL) http://koha.tu.koszalin.pl/cgi-bin/koha/opac-detail.pl?biblionumber=10872
Tekst linku Katalog online BPK
942 ## - DODATKOWE ELEMENTY (KOHA)
Schemat klasyfikacji Uniwersalna Klasyfikacja Dziesiętna
Typ dokumentu Książka
Egzemplarze
Wycofany Status egzemplarza Uszkodzony Dostępność Lokalizacja stała Lokalizacja bieżąca Miejsce przechowywania Sygnatura Kod kreskowy Typ dokumentu
      Dostępny Biblioteka Politechniki Koszalińskiej Biblioteka Politechniki Koszalińskiej Wypożyczalnia BG 1102 02085203 Książka
      Dostępny Biblioteka Politechniki Koszalińskiej Biblioteka Politechniki Koszalińskiej Wypożyczalnia BG 1103 02085197 Książka
© 2023 Biblioteka Politechniki Koszalińskiej :: KOHA